<?xml version="1.0" encoding="UTF-8"?>
<marc:record xmlns:marc="http://www.loc.gov/MARC21/slim">
   <marc:leader>00000nam a2200000 a 4500</marc:leader>
   <marc:datafield ind1="1" ind2=" " tag="100">
      <marc:subfield code="a">Rossmann, Eva</marc:subfield>
      <marc:subfield code="4">aut</marc:subfield>
      <marc:subfield code="e">Verfasser/-in</marc:subfield>
   </marc:datafield>
   <marc:datafield ind1=" " ind2=" " tag="653">
      <marc:subfield code="a">Wien</marc:subfield>
   </marc:datafield>
   <marc:datafield ind1=" " ind2=" " tag="653">
      <marc:subfield code="a">Krimi</marc:subfield>
   </marc:datafield>
   <marc:datafield ind1=" " ind2=" " tag="653">
      <marc:subfield code="a">Kriminalroman</marc:subfield>
   </marc:datafield>
   <marc:datafield ind1="0" ind2="0" tag="245">
      <marc:subfield code="a">Unter Strom</marc:subfield>
   </marc:datafield>
   <marc:datafield ind1="0" ind2="0" tag="245">
      <marc:subfield code="b">Band 14</marc:subfield>
   </marc:datafield>
   <marc:datafield ind1=" " ind2="1" tag="264">
      <marc:subfield code="b">Folio</marc:subfield>
      <marc:subfield code="c">2012</marc:subfield>
   </marc:datafield>
   <marc:datafield ind1="1" ind2=" " tag="490">
      <marc:subfield code="a">ein Mira-Valensky-Krimi</marc:subfield>
   </marc:datafield>
   <marc:datafield ind1="1" ind2=" " tag="520">
      <marc:subfield code="a">Wenn es um die Zukunft der Energieversorgung geht, herrscht Hochspannung: Ein kleines Dorf in der Nähe Wiens macht vor, wie in naher Zukunft alle ihre eigene Energie erzeugen könnten. Unterdessen kämpfen die großen Konzerne um die Macht über die internationalen Leistungsnetze. Und die Internetbewegung Cybersolar hackt nicht nur Websites, sondern mobilisiert in ganz Europa mehr und mehr junge Leute gegen die Macht der internationalen Energiemultis. Doch dann werden Gasleitungen gesprengt und ein europäischer Energielobbyist verschwindet spurlos. Sind da Ökoterroristen am Werk? Die Wiener Journalistin Mira Valensky und ihre Freundin Vesna Krajner verfolgen die Spuren von aggressiven Umweltaktivisten, korrupten Politikern und einem Konzern, dessen Eigentümer lieber im Dunkeln bleiben.  Über den Autor Eva Rossmann, geboren 1962 in Graz, lebt im niederösterreichischen Weinviertel. Verfassungsjuristin, politische Journalistin. Seit 1994 freischaffende Autorin und Publizistin. Unter anderem schreibt sie regelmäßig für das Gastromagazin À la Carte. Eva Rossmann veröffentlichte zahlreiche Sachbücher und ihre sieben Mira-Valensky-Krimis. *amazon.de*</marc:subfield>
   </marc:datafield>
   <marc:datafield ind1=" " ind2=" " tag="020">
      <marc:subfield code="a">9783852566054</marc:subfield>
      <marc:subfield code="9">9783852566054</marc:subfield>
   </marc:datafield>
</marc:record>
